Normale Ansicht MARC-Ansicht ISBD

Lenin : (Titelsatznr. 41047)

[ MARC ]
MARC-Details
000 -Satzkennung
Kontrollfeld mit fester Länge 00661nam a22001931c 4500
001 - Kontrollnummer
Kontrollfeld a987689387
008 - Feld mit fester Länge zur physischen Beschreibung - Allgemeine Angaben
Kontrollfeld mit fester Länge 180514s2017 gw |||| 000u rus d
020 ## - Internationale Standardbuchnummer
Internationale Standardbuchnummer 9785824321654
Verknüpfung 978-5-8243-2165-4
041 ## - Sprachcode
Sprachcode des Textes/der Tonspur oder des separaten Titels rus
040 ## - Katalogisierungsquelle
Übertragungsstelle RU-10907106
003 - Kontrollnummer Identifier
Kontrollfeld RU-10907106
245 00 - Titel
Titel Lenin :
Zusatz zum Titel k 100-letiju Rossijskoj revoljucii 1917 goda ; katalog istoriko-dokumental'noj vystavki ; vystavočnyj proekt "Lidery sovetskoj epochi"
264 ## - Produktion, Veröffentlichung, Distribution, Herstellung und Urheberrechtsvermerk
Herstellungs-, Veröffentlichungs- Vertriebs-, Erzeugungsort Moskva :
Produzent, Herausgeber, Distributor, Hersteller ROSSPEN,
Datum der Herstellung, der Veröffentlichung, des Vertriebs oder des Urheberschutzvermerks 2017
300 ## - Physische Beschreibung
Umfang 423 Seiten
600 #0 - Nebeneintragung unter einem Schlagwort - Personenname
Personenname Lenin, Vladimir Il'ič
700 1# - Nebeneintragung - Personenname
Personenname Artizov, Andrej Nikolaevič
Funktionsbezeichnung HerausgeberIn
700 1# - Nebeneintragung - Personenname
Personenname Sorokin, Andrej Konstantinovič
Funktionsbezeichnung HerausgeberIn
942 ## - Zusätzliche Felder (Koha)
Koha-Medientyp Monographien
Exemplare
Ausgeschieden Verloren Klassifikation oder Aufstellungssystematik Beschädigt Nicht entleihbar Heimatbibliothek Aufenthaltsbibliothek Aufstellungsort Erwerbungsdatum Inventarnummer Signatur Barcode Letzte Aktivität Preis gültig von Koha-Medientyp
    Andere/Generische Klassifikation     MWN Osteuropa MWN Osteuropa Magazin - 2 14/05/2018 18-00833 X- R 60 ad Len 49 | R 60 ad Len 49 E004015078FB9BEC 23/02/2021 22/03/2021 Monographien